<?xml version="1.0" encoding="UTF-8"?>
<marc:record xmlns:marc="http://www.loc.gov/MARC21/slim">
   <marc:leader>00000nam a2200000 a 4500</marc:leader>
   <marc:datafield ind1="1" ind2=" " tag="100">
      <marc:subfield code="a">Hunter, Erin</marc:subfield>
      <marc:subfield code="4">aut</marc:subfield>
      <marc:subfield code="e">Verfasser/-in</marc:subfield>
   </marc:datafield>
   <marc:datafield ind1="0" ind2="0" tag="245">
      <marc:subfield code="a">Geheimnis des Waldes - Warrior Cats</marc:subfield>
   </marc:datafield>
   <marc:datafield ind1=" " ind2="1" tag="264">
      <marc:subfield code="b">Beltz &amp; Gelberg</marc:subfield>
      <marc:subfield code="c">2009</marc:subfield>
   </marc:datafield>
   <marc:datafield ind1="1" ind2=" " tag="490">
      <marc:subfield code="a">Warrior Cats</marc:subfield>
   </marc:datafield>
   <marc:datafield ind1="1" ind2=" " tag="520">
      <marc:subfield code="a">Die Treue zum eigenen Clan steht für die Katzen des Waldes an erster Stelle. Doch gilt das wirklich für alle? Der junge Krieger Feuerherz ist beunruhigt: Einige Katzen des DonnerClans verhalten sich rätselhaft. Er geht der Sache auf den Grund und kommt einem gefährlichen Geheimnis auf die Spur. Als der DonnerClan Opfer eines heimtückischen Überfalls wird, ist endgültig klar: Ein falscher Freund hat sich eingeschlichen. Aber wem kann Feuerherz noch trauen?</marc:subfield>
   </marc:datafield>
   <marc:datafield ind1=" " ind2=" " tag="020">
      <marc:subfield code="a">9783407810502</marc:subfield>
      <marc:subfield code="9">9783407810502</marc:subfield>
   </marc:datafield>
</marc:record>
